000 00299nam a2200121Ia 4500
005 20251222144759.0
008 251222s9999||||xx |||||||||||||| ||spa||
082 _a320.128.5/M43
100 _aMercado Jarrin, Edgardo
245 0 _aPerĂș: Perspectivas GeopolĂ­ticas
264 _bIPEGE
942 _cLIB
999 _c19640
_d19640